[Event "EIRCC 2019"]
[Site "Tallinn"]
[Date "2019.12.05"]
[Round "7.17"]
[White "Kononenko, Dmitry"]
[Black "Stupak, Kirill"]
[Result "0-1"]
[WhiteElo "2277"]
[BlackElo "2552"]
[Annotator "ChessBase"]
[PlyCount "68"]
[EventDate "2019.12.05"]
[EventType "swiss"]
[EventCountry "EST"]
[SourceTitle "playchess.com"]
[Source "ChessBase"]
[SourceQuality "1"]
[TimeControl "900+10"]

1. Nf3 {[%emt 0:00:00]} g6 {[%emt 0:00:00]} 2. c4 {[%emt 0:00:00]} Bg7 {[%emt 0:00:00]} 3. g3 {[%emt 0:00:00]} c5 {[%emt 0:00:00]} 4. Bg2 {[%emt 0:00:00]} Nc6 {[%emt 0:00:00]} 5. Nc3 {[%emt 0:00:05]} e6 {[%emt 0:00:00]} 6. O-O {[%emt 0:00:59]} Nge7 {[%emt 0:00:00]} 7. d3 {[%emt 0:01:16]} O-O {[%emt 0:00:05]} 8. Bd2 {[%emt 0:00:20]} d5 {[%emt 0:00:07]} 9. Rb1 {[%emt 0:01:09]} b6 {[%emt 0:00:26]} 10. a3 {[%emt 0:00:36]} Bb7 {[%emt 0:00:33]} 11. cxd5 {[%emt 0:01:18]} exd5 {[%emt 0:00:15]} 12. b4 {[%emt 0:00:29]} cxb4 {[%emt 0:00:44]} 13. axb4 {[%emt 0:00:03]} d4 {[%emt 0:00:01]} 14. Ne4 {[%emt 0:01:31]} Nd5 {[%emt 0:00:03]} 15. b5 {[%emt 0:00:52]} Nce7 {[%emt 0:00:02]} 16. Qb3 {[%emt 0:01:17]} Qd7 {[%emt 0:00:59]} 17. Rfc1 {[%emt 0:01:17]} h6 {[%emt 0:02:50]} 18. Qa3 {[%emt 0:03:15]} Rfd8 {[%emt 0:00:34]} 19. Bb4 {[%emt 0:00:02]} Nxb4 {[%emt 0:05:52]} 20. Rxb4 {[%emt 0:00:02]} f5 {[%emt 0:00:48]} 21. Ned2 {[%emt 0:00:20]} Bd5 {[%emt 0:00:22]} 22. Nb3 {[%emt 0:01:00]} Bf8 {[%emt 0:01:24]} 23. Rxd4 {[%emt 0:02:03]} Qe6 {[%emt 0:00:02]} 24. Nfd2 {[%emt 0:00:40]} Bxg2 {[%emt 0:00:58]} 25. Kxg2 {[%emt 0:00:15]} Nd5 {[%emt 0:01:10]} 26. Qa4 {[%emt 0:00:11]} Bg7 {[%emt 0:00:01]} 27. Rdc4 {[%emt 0:00:05]} Qxe2 {[%emt 0:00:06]} 28. Kg1 {[%emt 0:00:11]} Qxd3 {[%emt 0:00:13]} 29. Re1 {[%emt 0:00:19]} Re8 {[%emt 0:00:35]} 30. Rcc1 {[%emt 0:00:03]} Nc3 {[%emt 0:00:12]} 31. Rxe8+ {[%emt 0:00:11]} Rxe8 {[%emt 0:00:02]} 32. Qb4 {[%emt 0:00:18]} Ne2+ {[%emt 0:00:08]} 33. Kg2 {[%emt 0:00:03]} Nxc1 {[%emt 0:00:29]} 34. Nxc1 {[%emt 0:00:02]} Qc3 {[%emt 0:00:00]} 0-1

[Event "EIRCC 2019"]
[Site "Tallinn"]
[Date "2019.12.05"]
[Round "7.18"]
[White "Ruck, Robert"]
[Black "Dordzhieva, Dinara"]
[Result "1/2-1/2"]
[WhiteElo "2551"]
[BlackElo "2310"]
[Annotator "ChessBase"]
[PlyCount "80"]
[EventDate "2019.12.05"]
[EventType "swiss"]
[EventCountry "EST"]
[SourceTitle "playchess.com"]
[Source "ChessBase"]
[SourceQuality "1"]
[TimeControl "900+10"]

1. Nf3 {[%emt 0:00:00]} Nf6 {[%emt 0:00:02]} 2. c4 {[%emt 0:00:00]} e6 {[%emt 0:00:04]} 3. Nc3 {[%emt 0:00:00]} d5 {[%emt 0:00:03]} 4. d4 {[%emt 0:00:02]} dxc4 {[%emt 0:00:04]} 5. e4 {[%emt 0:00:02]} Bb4 {[%emt 0:00:08]} 6. Bg5 {[%emt 0:00:08]} h6 {[%emt 0:00:12]} 7. Bxf6 {[%emt 0:00:07]} Qxf6 {[%emt 0:00:02]} 8. Bxc4 {[%emt 0:00:05]} c5 {[%emt 0:00:00]} 9. O-O {[%emt 0:01:12]} cxd4 {[%emt 0:00:02]} 10. Nb5 {[%emt 0:00:06]} Qe7 {[%emt 0:01:14]} 11. Qxd4 {[%emt 0:00:06]} O-O {[%emt 0:00:11]} 12. Nxa7 {[%emt 0:00:04]} Bc5 {[%emt 0:00:42]} 13. Nxc8 {[%emt 0:00:06]} Rxc8 {[%emt 0:00:01]} 14. Qd3 {[%emt 0:00:22]} Nc6 {[%emt 0:00:32]} 15. Qe2 {[%emt 0:00:38]} Rd8 {[%emt 0:00:02]} 16. Rad1 {[%emt 0:02:07]} Rxd1 {[%emt 0:00:08]} 17. Rxd1 {[%emt 0:00:02]} Rd8 {[%emt 0:00:01]} 18. Rxd8+ {[%emt 0:02:09]} Qxd8 {[%emt 0:00:02]} 19. Qd2 {[%emt 0:00:36]} Qxd2 {[%emt 0:03:09]} 20. Nxd2 {[%emt 0:00:02]} Bd4 {[%emt 0:00:01]} 21. b3 {[%emt 0:00:34]} Nb4 {[%emt 0:00:03]} 22. a4 {[%emt 0:02:14]} Kf8 {[%emt 0:00:12]} 23. Nf3 {[%emt 0:01:37]} Bc3 {[%emt 0:00:17]} 24. Kf1 {[%emt 0:00:03]} Nc6 {[%emt 0:00:29]} 25. Ke2 {[%emt 0:00:50]} Nb4 {[%emt 0:01:25]} 26. Ke3 {[%emt 0:00:44]} Ke7 {[%emt 0:03:35]} 27. Nd4 {[%emt 0:01:04]} g5 {[%emt 0:01:41]} 28. g3 {[%emt 0:00:21]} Nc6 {[%emt 0:00:36]} 29. Ne2 {[%emt 0:00:37]} Bb4 {[%emt 0:00:23]} 30. f4 {[%emt 0:00:11]} gxf4+ {[%emt 0:00:17]} 31. gxf4 {[%emt 0:00:05]} Bc5+ {[%emt 0:00:11]} 32. Kd3 {[%emt 0:00:02]} Nb4+ {[%emt 0:01:24]} 33. Kc3 {[%emt 0:00:24]} Na2+ {[%emt 0:00:02]} 34. Kb2 {[%emt 0:00:07]} Nb4 {[%emt 0:00:01]} 35. Bb5 {[%emt 0:00:01]} f5 {[%emt 0:00:11]} 36. exf5 {[%emt 0:01:29]} exf5 {[%emt 0:00:02]} 37. Kc3 {[%emt 0:00:22]} Bd6 {[%emt 0:00:51]} 38. Kc4 {[%emt 0:02:05]} Nc2 {[%emt 0:00:10]} 39. Kd3 {[%emt 0:00:27]} Ne1+ {[%emt 0:00:17]} 40. Ke3 {[%emt 0:00:02]} Bc5+ {[%emt 0:01:09] Ke4} 1/2-1/2

[Event "EIRCC 2019"]
[Site "Tallinn"]
[Date "2019.12.05"]
[Round "7.19"]
[White "Stocek, Jiri"]
[Black "Kukk, Sander"]
[Result "0-1"]
[WhiteElo "2532"]
[BlackElo "2313"]
[Annotator "ChessBase"]
[PlyCount "142"]
[EventDate "2019.12.05"]
[EventType "swiss"]
[EventCountry "EST"]
[SourceTitle "playchess.com"]
[Source "ChessBase"]
[SourceQuality "1"]
[TimeControl "900+10"]

1. d4 {[%emt 0:00:00]} g6 {[%emt 0:00:00]} 2. c4 {[%emt 0:00:08]} Bg7 {[%emt 0:00:00]} 3. Nf3 {[%emt 0:00:02]} Nf6 {[%emt 0:00:00]} 4. Nc3 {[%emt 0:00:02]} O-O {[%emt 0:00:00]} 5. e4 {[%emt 0:00:15]} d6 {[%emt 0:00:00]} 6. Be2 {[%emt 0:00:03]} e5 {[%emt 0:00:03]} 7. Be3 {[%emt 0:00:06]} exd4 {[%emt 0:00:03]} 8. Nxd4 {[%emt 0:00:03]} Nc6 {[%emt 0:00:03]} 9. O-O {[%emt 0:00:39]} Re8 {[%emt 0:00:02]} 10. Nxc6 {[%emt 0:00:40]} bxc6 {[%emt 0:00:02]} 11. Bf3 {[%emt 0:00:36]} Rb8 {[%emt 0:00:16]} 12. Qd2 {[%emt 0:01:20]} c5 {[%emt 0:00:07]} 13. Bg5 {[%emt 0:00:42]} Bb7 {[%emt 0:00:09]} 14. Rfe1 {[%emt 0:00:18]} Qc8 {[%emt 0:01:06]} 15. h3 {[%emt 0:00:19]} Nd7 {[%emt 0:00:15]} 16. Bg4 {[%emt 0:00:49]} h5 {[%emt 0:00:07]} 17. Bxd7 {[%emt 0:00:32]} Qxd7 {[%emt 0:00:02]} 18. Rac1 {[%emt 0:00:54]} Bc6 {[%emt 0:00:38]} 19. b3 {[%emt 0:00:17]} a5 {[%emt 0:00:05]} 20. Bh6 {[%emt 0:02:14]} Bh8 {[%emt 0:00:01]} 21. Qd3 {[%emt 0:00:31]} a4 {[%emt 0:00:49]} 22. bxa4 {[%emt 0:00:05]} Bxa4 {[%emt 0:00:40]} 23. Bd2 {[%emt 0:00:21]} Bc6 {[%emt 0:00:11]} 24. f3 {[%emt 0:00:28]} Qe7 {[%emt 0:01:08]} 25. Ne2 {[%emt 0:00:22]} Rb2 {[%emt 0:00:48]} 26. Rc2 {[%emt 0:00:15]} Rb6 {[%emt 0:00:53]} 27. Bc3 {[%emt 0:00:14]} Bxc3 {[%emt 0:00:02]} 28. Nxc3 {[%emt 0:00:08]} Qe5 {[%emt 0:00:51]} 29. Rf2 {[%emt 0:01:48]} Ra8 {[%emt 0:00:28]} 30. Qc2 {[%emt 0:00:54]} Rb4 {[%emt 0:01:55]} 31. Nb1 {[%emt 0:00:26]} Qd4 {[%emt 0:01:05]} 32. Rd1 {[%emt 0:01:55]} Qxc4 {[%emt 0:00:17]} 33. Qxc4 {[%emt 0:00:16]} Rxc4 {[%emt 0:00:01]} 34. Rb2 {[%emt 0:00:02]} Bd7 {[%emt 0:01:58]} 35. e5 {[%emt 0:00:22]} Ra6 {[%emt 0:00:02]} 36. exd6 {[%emt 0:00:06]} cxd6 {[%emt 0:00:00]} 37. Nd2 {[%emt 0:00:56]} Rd4 {[%emt 0:00:11]} 38. Ra1 {[%emt 0:00:12]} Be6 {[%emt 0:00:08]} 39. Ne4 {[%emt 0:00:15]} Kg7 {[%emt 0:02:01]} 40. Kf2 {[%emt 0:00:06]} f5 {[%emt 0:00:23]} 41. Nc3 {[%emt 0:00:05]} Rc4 {[%emt 0:01:16]} 42. Nb5 {[%emt 0:01:16]} Rb6 {[%emt 0:00:33]} 43. Rab1 {[%emt 0:00:02]} Bd7 {[%emt 0:00:18]} 44. Na3 {[%emt 0:00:18]} Rxb2+ {[%emt 0:00:01]} 45. Rxb2 {[%emt 0:00:01]} Ra4 {[%emt 0:00:02]} 46. Rb7 {[%emt 0:00:35]} Rxa3 {[%emt 0:00:01]} 47. Rxd7+ {[%emt 0:00:01]} Kh6 {[%emt 0:00:00]} 48. Rxd6 {[%emt 0:00:03]} Rxa2+ {[%emt 0:00:01]} 49. Kg3 {[%emt 0:00:02]} h4+ {[%emt 0:00:02]} 50. Kxh4 {[%emt 0:00:21]} Rxg2 {[%emt 0:00:02]} 51. Rc6 {[%emt 0:00:05]} Rc2 {[%emt 0:00:01]} 52. Kg3 {[%emt 0:00:05]} c4 {[%emt 0:00:01]} 53. Kf4 {[%emt 0:00:05]} c3 {[%emt 0:00:08]} 54. Rc7 {[%emt 0:00:24]} Rc1 {[%emt 0:00:02]} 55. Rc8 {[%emt 0:00:06]} Kg7 {[%emt 0:00:06]} 56. Ke3 {[%emt 0:00:08]} Kf6 {[%emt 0:00:01]} 57. f4 {[%emt 0:00:05]} Rh1 {[%emt 0:00:02]} 58. Rc6+ {[%emt 0:00:02]} Kg7 {[%emt 0:00:02]} 59. Kd4 {[%emt 0:00:03]} Rxh3 {[%emt 0:00:01]} 60. Rc8 {[%emt 0:00:21]} Rf3 {[%emt 0:00:06]} 61. Ke5 {[%emt 0:00:06]} Re3+ {[%emt 0:00:01]} 62. Kd5 {[%emt 0:00:03]} Re4 {[%emt 0:00:03]} 63. Rxc3 {[%emt 0:00:02]} Rxf4 {[%emt 0:00:01]} 64. Rc7+ {[%emt 0:00:03]} Kf6 {[%emt 0:00:01]} 65. Rc6+ {[%emt 0:00:03]} Kg5 {[%emt 0:00:01]} 66. Rc1 {[%emt 0:00:01]} Re4 {[%emt 0:00:02]} 67. Rg1+ {[%emt 0:00:02]} Kf6 {[%emt 0:00:00]} 68. Ra1 {[%emt 0:00:09]} Re5+ {[%emt 0:00:01]} 69. Kd4 {[%emt 0:00:01]} g5 {[%emt 0:00:01]} 70. Ra6+ {[%emt 0:00:01]} Re6 {[%emt 0:00:01]} 71. Ra8 {[%emt 0:00:01]} g4 {[%emt 0:00:01]} 0-1

[Event "EIRCC 2019"]
[Site "Tallinn"]
[Date "2019.12.05"]
[Round "7.20"]
[White "Potapov, Pavel"]
[Black "Lavendelis, Egons"]
[Result "1-0"]
[WhiteElo "2482"]
[BlackElo "2293"]
[Annotator "TA"]
[PlyCount "151"]
[EventDate "2019.12.05"]
[EventType "swiss"]
[EventCountry "EST"]
[SourceTitle "playchess.com"]
[Source "ChessBase"]
[SourceQuality "1"]

{[%evp 10,150,8,12,42,43,76,72,89,82,88,71,87,47,83,59,79,25,94,36,59,36,43,29,72,75,79,70,69,62,115,79,90,91,143,142,135,139,122,131,149,136,153,117,149,150,146,152,172,141,153,156,262,212,201,168,213,112,90,58,48,47,35,20,28,21,180,28,137,150,157,143,391,155,165,172,151,103,207,225,275,289,299,303,294,290,419,202,183,159,245,249,612,406,1033,844,915,0,0,0,724,93,177,0,0,0,0,0,0,-233,-260,-241,145,0,0,0,296,263,268,253,337,346,317,300,605,602,669,514,631,615,456,1013,650,341,29975,29977,29973,2245,29985,29986,29986,29987,29999]} 1. e4 c5 2. c3 Nf6 3. e5 Nd5 4. Bc4 Nb6 5. Bb3 Nc6 6. Nf3 Qc7 {B22: Sicilian: 2 c3} (6... d5 7. exd6 Qxd6 8. O-O Be6 9. d4 cxd4 10. Na3 Bxb3 11. axb3 a6 12. Nxd4 Nxd4 13. Be3 Nf5 14. Qxd6 Nxd6 15. Bxb6 Rc8 16. Rad1 Rc6 17. Be3 e5 18. Rd5 f6 19. Rfd1 {½-½ (55) Vachier Lagrave,M (2778)-Carlsen,M (2882) Saint Louis 2019}) 7. d4 c4 $146 ({Predecessor:} 7... cxd4 8. cxd4 e6 9. O-O d6 10. exd6 Bxd6 11. Nc3 a6 {½-½ (20) Arztmann,W (2191)-Mayerhofer,P (2191) Austria 2014}) 8. Bc2 d5 {White is better.} 9. exd6 exd6 10. O-O Bg4 11. Nbd2 Be7 12. h3 Bh5 13. Ne4 (13. Re1 $16) 13... O-O-O (13... d5 $11 {remains equal.} 14. Ng3 Bg6) 14. a4 (14. Bf4 $16) 14... Na5 $14 15. Ng3 Bg6 16. Nf5 Bf6 17. Bf4 $36 {[%mdl 2048] White is on the roll.} Kb8 18. Re1 Ka8 19. Bg3 Nd5 ({Better is} 19... Qc6 $14) 20. Be4 Ne7 21. Nxe7 Bxe4 (21... Bxe7 $142 22. Bd5 Rhe8) 22. Rxe4 $16 Bxe7 23. Qe2 Bf6 24. d5 Qc5 25. Rd1 h6 26. Nd4 a6 27. Nf5 Qc7 28. Qf3 Qb6 29. Re2 Rd7 30. Rde1 Rhd8 (30... Qd8 $16 31. Re4 Nb3) 31. Qg4 h5 32. Qf3 Qb3 33. Ra1 (33. Qxh5 $18 Qxa4 34. Qh7) 33... Qb6 34. Kh1 Nb3 35. Rae1 Nc5 $1 36. Ne3 ({Don't play} 36. Qxh5 g6 $15) 36... Qb3 37. Qxh5 Nxa4 $2 (37... Nd3 $1 $11) 38. Qg4 $2 (38. Ng4 $18) 38... Nb6 (38... Nxb2 $11 39. Rb1 Bxc3) 39. Nf5 $1 Qb5 40. Nxg7 Qxd5 $2 (40... Nxd5 $16 41. Nf5 Nb6) 41. Nf5 $2 (41. Nh5 $18 {and White stays clearly on top.} Bh8 42. Bh4) 41... Qb5 42. h4 Na4 43. Nd4 Bxd4 (43... Qb6 $16 {might work better.}) 44. Qxd4 $18 Nc5 45. Re8 Ne6 46. Rxd8+ Rxd8 47. Qf6 Rd7 (47... Qd7 $142 48. h5 Rg8) 48. Re2 (48. f4 $142) 48... Qd5 49. Kh2 Qd3 (49... b5 $16 50. Qh8+ Kb7) 50. Re3 Qb1 $2 (50... Qh7 51. f4 Kb8) 51. h5 Qxb2 (51... Qh7 $142 52. h6 b5) 52. h6 Qc2 53. Qh8+ Rd8 54. Qf6 {Rxe6 is the strong threat.} Rd7 55. Rxe6 $2 (55. f4 $18 {is the precise move to win.} Qh7 56. f5) 55... fxe6 {[%mdl 4096] Endgame KQR-KQB} 56. Qf8+ $2 (56. Bxd6 $1 $18 Qf5 57. Qh8+ Ka7 58. Qd4+ {[%mdl 64] Double Attack} b6 59. Bb8+ $1 {[%mdl 576] Discovered Attack} Kxb8 60. Qxd7 Qf4+ 61. g3 Qxh6+ 62. Kg2) 56... Ka7 $11 57. Bxd6 Qxc3 {White must now prevent ...Kb6.} 58. Bf4 Kb6 {And now ...Ka5 would win.} 59. Qg8 $2 (59. g4 $11) 59... Qf6 $19 {( -> ...Qh4+)} 60. g3 c3 $2 {[#]} ({Black should play} 60... Qf5 $19 {Threatens to win with ...c3.} 61. Be3+ Ka5) 61. h7 (61. Qc8 $1 $16 {[%cal Rc8d7]} Rd5 62. Kg2) 61... Rd8 $11 62. Kg2 c2 $2 {[%mdl 8192]} (62... Rf8 $11 {and Black has nothing to worry.}) 63. Bg5 $18 Rxg8 64. hxg8=Q (64. Bxf6 $2 {perishes.} Rf8 $19) 64... Qe5 65. Qd8+ Ka7 66. Qd2 {aiming for Be3+.} Qe4+ $2 (66... b6 67. Qd7+ Kb8) 67. f3 Qc4 68. Be3+ b6 69. g4 Kb7 70. g5 (70. Qd7+ $142 Qc7 71. Qxc7+ (71. Qxe6 c1=Q $16) 71... Kxc7 72. Kf1) 70... a5 71. g6 {Strongly threatening g7.} a4 $2 (71... c1=Q $18 72. Qxc1 Qd3) 72. g7 e5 73. Kg3 (73. Qd7+ $142 Qc7 74. Qxc7+ Kxc7 75. g8=Q b5 76. Qh7+ Kd6 77. Qxc2 e4 78. fxe4) 73... a3 74. Qd7+ {White mates.} Ka6 75. Qd8 {[%csl Ge3][%cal Rd8b6]} c1=Q 76. Qxb6# {Accuracy: White = 45%, Black = 31%.} 1-0

[Event "EIRCC 2019"]
[Site "Tallinn"]
[Date "2019.12.05"]
[Round "7.21"]
[White "Khakimov, Timur"]
[Black "Ionov, Sergey"]
[Result "0-1"]
[WhiteElo "2253"]
[BlackElo "2480"]
[Annotator "ChessBase"]
[PlyCount "76"]
[EventDate "2019.12.05"]
[EventType "swiss"]
[EventCountry "EST"]
[SourceTitle "playchess.com"]
[Source "ChessBase"]
[SourceQuality "1"]
[TimeControl "900+10"]

1. d4 {[%emt 0:00:00]} d5 {[%emt 0:00:00]} 2. Nc3 {[%emt 0:00:00]} Nf6 {[%emt 0:00:08]} 3. Bf4 {[%emt 0:00:00]} a6 {[%emt 0:00:13]} 4. e3 {[%emt 0:00:00]} e6 {[%emt 0:00:05]} 5. Nf3 {[%emt 0:00:03]} c5 {[%emt 0:00:18]} 6. dxc5 {[%emt 0:00:02]} Bxc5 {[%emt 0:00:04]} 7. Bd3 {[%emt 0:00:02]} Nc6 {[%emt 0:01:07]} 8. O-O {[%emt 0:00:03]} O-O {[%emt 0:00:15]} 9. e4 {[%emt 0:00:01]} d4 {[%emt 0:00:23]} 10. Ne2 {[%emt 0:00:15]} Nh5 {[%emt 0:01:27]} 11. e5 {[%emt 0:01:25]} Qc7 {[%emt 0:00:59]} 12. Re1 {[%emt 0:00:30]} Bb4 {[%emt 0:03:10]} 13. Bd2 {[%emt 0:00:24]} Bxd2 {[%emt 0:00:12]} 14. Qxd2 {[%emt 0:00:02]} Nxe5 {[%emt 0:00:15]} 15. Nxe5 {[%emt 0:00:31]} Qxe5 {[%emt 0:00:02]} 16. Nxd4 {[%emt 0:00:07]} Qc7 {[%emt 0:00:48]} 17. Qg5 {[%emt 0:00:25]} Nf4 {[%emt 0:01:57]} 18. Re3 {[%emt 0:02:03]} f6 {[%emt 0:01:02]} 19. Qh4 {[%emt 0:00:22]} Nxd3 {[%emt 0:00:15]} 20. Rxd3 {[%emt 0:00:02]} e5 {[%emt 0:00:06]} 21. Rc3 {[%emt 0:00:38]} Qb6 {[%emt 0:01:08]} 22. Nb3 {[%emt 0:00:06]} Be6 {[%emt 0:00:08]} 23. Rd3 {[%emt 0:01:39]} Rac8 {[%emt 0:00:47]} 24. Rd2 {[%emt 0:01:11]} Rfd8 {[%emt 0:00:33]} 25. Rad1 {[%emt 0:00:04]} Rxd2 {[%emt 0:00:05]} 26. Rxd2 {[%emt 0:00:03]} Rd8 {[%emt 0:01:02]} 27. Qh5 {[%emt 0:00:22]} g6 {[%emt 0:01:35]} 28. Qd1 {[%emt 0:00:02]} Rxd2 {[%emt 0:00:02]} 29. Qxd2 {[%emt 0:00:02]} Qc7 {[%emt 0:00:32]} 30. h4 {[%emt 0:00:18]} Kg7 {[%emt 0:00:07]} 31. Qb4 {[%emt 0:01:05]} b6 {[%emt 0:00:11]} 32. c3 {[%emt 0:00:25]} a5 {[%emt 0:00:13]} 33. Qe4 {[%emt 0:00:57]} Qd7 {[%emt 0:00:07]} 34. Kh2 {[%emt 0:01:47]} a4 {[%emt 0:00:44]} 35. Nc1 {[%emt 0:00:02]} Qd2 {[%emt 0:00:22]} 36. Nd3 {[%emt 0:00:12]} Bf5 {[%emt 0:00:05]} 37. Qb7+ {[%emt 0:00:01]} Kh6 {[%emt 0:00:02]} 38. Qf7 {[%emt 0:01:48]} Bxd3 {[%emt 0:00:12]} 0-1

[Event "EIRCC 2019"]
[Site "Tallinn"]
[Date "2019.12.05"]
[Round "7.22"]
[White "Cerveny, Martin"]
[Black "Chukavin, Kirill"]
[Result "1/2-1/2"]
[WhiteElo "2432"]
[BlackElo "2290"]
[Annotator "NA"]
[PlyCount "157"]
[EventDate "2019.12.05"]
[EventType "swiss"]
[EventCountry "EST"]
[SourceTitle "playchess.com"]
[Source "ChessBase"]
[SourceQuality "1"]
[TimeControl "900+10"]

1. d4 {[%emt 0:00:00]} Nf6 {[%emt 0:00:00]} 2. Nf3 {[%emt 0:00:00]} d5 {[%emt 0:00:00]} 3. c4 {[%emt 0:00:00]} e6 {[%emt 0:00:00]} 4. g3 {[%emt 0:00:00]} dxc4 {[%emt 0:00:00]} 5. Qa4+ {[%emt 0:00:13]} Nbd7 {[%emt 0:00:12]} 6. Bg2 {[%emt 0:00:17]} a6 {[%emt 0:00:03]} 7. Qxc4 {[%emt 0:00:02]} b5 {[%emt 0:00:02]} 8. Qc2 {[%emt 0:00:10]} Bb7 {[%emt 0:00:02]} 9. Be3 {[%emt 0:00:52]} Rc8 {[%emt 0:00:34]} 10. O-O {[%emt 0:00:17]} c5 {[%emt 0:00:26]} 11. dxc5 {[%emt 0:00:56]} Bxc5 {[%emt 0:00:09]} 12. Bxc5 {[%emt 0:00:09]} Nxc5 {[%emt 0:00:07]} 13. Rd1 {[%emt 0:00:21]} Qb6 {[%emt 0:00:13]} 14. Qd2 {[%emt 0:00:47]} O-O {[%emt 0:00:45]} 15. Qe1 {[%emt 0:00:13]} Rfd8 {[%emt 0:00:53]} 16. Nbd2 {[%emt 0:00:08]} h6 {[%emt 0:02:32]} 17. b4 {[%emt 0:00:35]} Nce4 {[%emt 0:00:48]} 18. Nxe4 {[%emt 0:00:02]} Nxe4 {[%emt 0:00:50]} 19. Rxd8+ {[%emt 0:01:03]} Rxd8 {[%emt 0:00:27]} 20. Rc1 {[%emt 0:00:26]} Qd6 {[%emt 0:05:43]} 21. a3 {[%emt 0:01:40]} Nd2 {[%emt 0:02:58]} 22. Qxd2 {[%emt 0:00:20]} Qxd2 {[%emt 0:00:04]} 23. Nxd2 {[%emt 0:00:02]} Bxg2 {[%emt 0:00:01]} 24. Nb3 {[%emt 0:00:07]} Bd5 {[%emt 0:00:21]} 25. Nc5 {[%emt 0:00:07]} Bc4 {[%emt 0:00:13]} 26. e3 {[%emt 0:01:15]} Rd6 {[%emt 0:01:23]} 27. e4 {[%emt 0:00:54]} g5 {[%emt 0:00:23]} 28. h3 {[%emt 0:00:38]} Kg7 {[%emt 0:00:04]} 29. Kg2 {[%emt 0:00:05]} Kf6 {[%emt 0:00:04]} 30. a4 {[%emt 0:00:15]} Ke5 {[%emt 0:00:14]} 31. a5 {[%emt 0:00:02]} Rd2 {[%emt 0:00:24]} 32. Nxa6 {[%emt 0:02:28]} Kxe4 {[%emt 0:00:01]} 33. Nc7 {[%emt 0:00:59]} Ke5 {[%emt 0:00:09]} 34. a6 {[%emt 0:01:13]} Ra2 {[%emt 0:00:04]} 35. Rd1 {[%emt 0:00:05]} Bd5+ {[%emt 0:00:05]} 36. Kg1 {[%emt 0:00:02]} Bf3 {[%emt 0:00:04]} 37. Re1+ {[%emt 0:00:07]} Kf6 {[%emt 0:00:20]} 38. g4 {[%emt 0:00:02]} Ke7 {[%emt 0:00:17]} 39. Nxb5 {[%emt 0:00:50]} Rxa6 {[%emt 0:00:04]} 40. Nd4 {[%emt 0:00:05]} Bd5 {[%emt 0:00:04]} 41. Nf5+ {[%emt 0:01:04]} Kf6 {[%emt 0:00:02]} 42. Ne3 {[%emt 0:00:02]} Ra4 {[%emt 0:00:34]} 43. Nxd5+ {[%emt 0:01:24]} exd5 {[%emt 0:00:01]} 44. Rb1 {[%emt 0:00:01]} Ke5 {[%emt 0:00:14]} 45. b5 {[%emt 0:00:01]} Ra7 {[%emt 0:00:13]} 46. Kf1 {[%emt 0:00:42]} Rb7 {[%emt 0:00:02]} 47. Ke2 {[%emt 0:00:01]} Kd4 {[%emt 0:00:10]} 48. Kd2 {[%emt 0:00:42]} Kc5 {[%emt 0:00:07]} 49. Rc1+ {[%emt 0:00:13]} Kxb5 {[%emt 0:00:11]} 50. Kd3 {[%emt 0:00:01]} Re7 {[%emt 0:00:25]} 51. Kd4 {[%emt 0:00:30]} Re2 {[%emt 0:00:08]} 52. Kxd5 {[%emt 0:00:32]} Rxf2 {[%emt 0:00:02]} 53. Rb1+ {[%emt 0:00:01]} Ka5 {[%emt 0:00:06]} 54. Ke5 {[%emt 0:00:04]} Rf3 {[%emt 0:00:15]} 55. Rh1 {[%emt 0:00:11]} Kb5 {[%emt 0:00:12]} 56. h4 {[%emt 0:00:12]} Rf4 {[%emt 0:00:11]} 57. hxg5 {[%emt 0:00:17]} hxg5 {[%emt 0:00:02]} 58. Rg1 {[%emt 0:00:10]} Kc4 {[%emt 0:00:11]} 59. Rg3 {[%emt 0:00:09]} f6+ {[%emt 0:00:09]} 60. Ke6 {[%emt 0:00:01]} Kd4 {[%emt 0:00:03]} 61. Kf7 {[%emt 0:00:05]} Ke5 {[%emt 0:00:25]} 62. Kg6 {[%emt 0:00:09]} Re4 {[%emt 0:00:12]} 63. Rg1 {[%emt 0:00:27]} Rf4 {[%emt 0:00:18]} 64. Kh5 {[%emt 0:00:10]} Kd4 {[%emt 0:00:08]} 65. Re1 {[%emt 0:00:03]} Re4 {[%emt 0:00:07]} 66. Rf1 {[%emt 0:00:01]} Rf4 {[%emt 0:00:05]} 67. Re1 {[%emt 0:00:01]} Re4 {[%emt 0:00:01]} 68. Rf1 {[%emt 0:00:00]} Ke5 {[%emt 0:00:18]} 69. Rf5+ {[%emt 0:00:04]} Ke6 {[%emt 0:00:03]} 70. Rf1 {[%emt 0:00:02]} Kf7 {[%emt 0:00:25]} 71. Ra1 {[%emt 0:00:02]} Re8 {[%emt 0:00:11]} 72. Ra7+ {[%emt 0:00:04]} Re7 {[%emt 0:00:02]} 73. Ra6 {[%emt 0:00:18]} Kg7 {[%emt 0:00:04]} 74. Rb6 {[%emt 0:00:06]} Rf7 {[%emt 0:00:05]} 75. Ra6 {[%emt 0:00:02]} Kh7 {[%emt 0:00:11]} 76. Rb6 {[%emt 0:00:16]} Kg7 {[%emt 0:00:09]} 77. Ra6 {[%emt 0:00:02]} Rf8 {[%emt 0:00:08]} 78. Ra7+ {[%emt 0:00:02]} Rf7 {[%emt 0:00:03]} 79. Ra6 {[%emt 0:00:01]} 1/2-1/2